301 al 350. Decretos leyes dictados por la Junta de Gobierno de la República de Chile

Saved in:
Bibliographic Details
Format: Book
Language:Spanish
Published: Santiago Jurídica de Chile 1974
Series:Textos Legales, 6
Subjects:
Tags: Add Tag
No Tags, Be the first to tag this record!

MARC

LEADER 00000nam a2200000 a 4500
001 UCR0836
003 CL-VaPUC
008 971205e19740000CL |||||||||||||||||spa|d
082 0 4 |a 348.022  |b DEC  |2 21 
245 1 0 |a 301 al 350. Decretos leyes dictados por la Junta de Gobierno de la República de Chile 
300 |a 591 p 
942 |c BK 
945 |d 19971205 00:00:00  |a lriquelm 
260 |a Santiago  |b Jurídica de Chile  |c 1974 
650 7 |a LEGISLACION  |2 CL-VaPUC  |9 397286 
650 7 |a FUENTES  |2 CL-VaPUC  |9 255666 
650 7 |a DERECHO CHILENO  |2 CL-VaPUC  |9 397287 
650 7 |a DECRETO LEY  |2 CL-VaPUC  |9 382553 
651 7 |a CHILE  |2 CL-VaPUC  |9 397288 
583 |a last modification  |c 19971205 00:00:00  |k Rodrigo Vera 
490 0 |a Textos Legales, 6 
999 |c 264334  |d 264332